Halo Reach Campaign Missions - Statistics

General Stats
  • This quiz has been taken 158 times
  • The average score is 7 of 11
Answer Stats
Hint Answer % Correct
11 Lone Wolf
80%
2 Winter Contingency
77%
4 Nightfall
73%
8 New Alexandria
72%
10 The Pillar of Autumn
72%
3 Oni: Sword Base
68%
6 Long Night of Solace
67%
5 Tip of the Spear
66%
7 Exodus
56%
9 The Package
54%
1 Noble Actual
33%
No matching quizzes found
Score Distribution
Percent of People with Each Score
Percentile by Number Answered
Your Score History
You have not taken this quiz